(The) Realities of Planning (Record no. 6032)

000 -LEADER
fixed length control field 00263nam a2200097Ia 4500
008 - FIXED-LENGTH DATA ELEMENTS--GENERAL INFORMATION
fixed length control field 201216s9999 xx 000 0 und d
100 ## - MAIN ENTRY--PERSONAL NAME
Personal name Taylor, Bernard and Hussey, David
245 #0 - TITLE STATEMENT
Title (The) Realities of Planning
260 ## - PUBLICATION, DISTRIBUTION, ETC.
Place of publication, distribution, etc. Oxford
Name of publisher, distributor, etc. Pargamon Press
Date of publication, distribution, etc. 1983
300 ## - PHYSICAL DESCRIPTION
Extent 0
Holdings
Withdrawn status Lost status Damaged status Not for loan Permanent Location Date acquired Full call number Barcode Date last seen Price effective from
        IMU Kolkata 2020-12-16 658.4012 T2381 PM01003 2020-12-16 2020-12-16
Designed and Maintained by IMU-KC Library, Kolkata Campus © Copyright All Rights Reserved

webs counters

Powered by Koha